| 000 | 00772nam a22002417a 4500 | ||
|---|---|---|---|
| 001 | 74078 | ||
| 003 | BD-RjUL | ||
| 005 | 20211209082505.0 | ||
| 008 | 180214s2017 bg |||||||||| 001 0 eng d | ||
| 020 |
_a97898433460604 _cTk. 2700.00 |
||
| 035 | _a(BD-RjUL)74296 | ||
| 040 |
_aBD-RjUL _beng _cBD-RjUL |
||
| 041 | _aeng | ||
| 082 |
_223 _a347.05 _bCOD 2017 |
||
| 245 | 1 | 4 |
_aThe Code of Civil Procedure, 1908 = দেওয়ানি কার্যবিধি, ১৯০৮ / _cedited by Kazi Azizur Rahman (Dulal) |
| 260 |
_aDhaka : _bRahim book house , _c2017 |
||
| 300 |
_aXL, 896 p. ; _c25 cm. |
||
| 500 | _aIncludes Index | ||
| 505 | _aAct. No. V of 1908 | ||
| 650 |
_aCivil procedure _9220179 |
||
| 700 |
_a(Dulal), Kazi Azizur Rahman _970861 |
||
| 942 |
_2ddc _cBK |
||
| 999 |
_c74078 _d74078 |
||